[Event "Albacete op 18th"]
[Site "Albacete"]
[Date "2010.09.16"]
[Round "5"]
[White "Saez Gabikagogeaskoa, Oscar"]
[Black "Atienza, Hilario"]
[Result "0-1"]
[WhiteElo "1961"]
[BlackElo "1861"]
[PlyCount "116"]
[EventDate "2010.09.14"]
[EventType "swiss"]
[EventRounds "9"]
[EventCountry "ESP"]
[SourceTitle "CBM 138 Extra"]
[Source "ChessBase"]
[SourceDate "2010.10.29"]
[SourceVersion "1"]
[SourceVersionDate "2010.10.29"]
[SourceQuality "1"]

1. e4 d5 2. exd5 Qxd5 3. Nc3 Qd6 4. d4 Nf6 5. Bg5 a6 6. Qd2 Nc6 7. 0-0-0 Bf5 8. Bf4 Qd7 9. a3 e6 10. d5 exd5 11. Nxd5 Nxd5 12. Qxd5 0-0-0 13. Qxd7+ Rxd7 14. Rxd7 Kxd7 15. Bc4 Bc5 16. f3 f6 17. Ne2 Re8 18. Rd1+ Kc8 19. Ng3 Bg6 20. h4 h6 21. h5 Bh7 22. Bf7 Be3+ 23. Bxe3 Rxe3 24. Bd5 Ne7 25. Bb3 Re5 26. Rd4 Rg5 27. Be6+ Kb8 28. Rg4 Rxg4 29. fxg4 c6 30. c4 Kc7 31. Kd2 Kd6 32. Bf7 Ke5 33. Ke3 Bc2 34. Be8 Bb3 35. c5 Bd5 36. Kf2 a5 37. Ne2 Bc4 38. Ng3 Kd4 39. b4 axb4 40. axb4 Be6 41. Kf3 Bd5+ 42. Kf4 Bxg2 43. Nf5+ Nxf5 44. Kxf5 Bf3 45. Kg6 Bxg4 46. Kxg7 Kc4 47. Kxf6 Kxb4 48. Kg7 Kxc5 49. Kxh6 b5 50. Kg5 Bxh5 51. Bxh5 b4 52. Kf4 Kd4 53. Kf3 Kd3 54. Bg6+ Kc3 55. Ke3 c5 56. Bf5 c4 57. Bg6 Kb2 58. Kd4 c3 0-1

[Event "Charleroi op"]
[Site "Charleroi"]
[Date "2010.08.02"]
[Round "4"]
[White "Atienza, Hilario"]
[Black "Hulpia, Fabian"]
[Result "1/2-1/2"]
[WhiteElo "1851"]
[BlackElo "2069"]
[PlyCount "64"]
[EventDate "2010.07.31"]
[EventType "swiss"]
[EventRounds "9"]
[EventCountry "BEL"]
[SourceTitle "CBM 137 Extra"]
[Source "ChessBase"]
[SourceDate "2010.09.01"]
[SourceVersion "1"]
[SourceVersionDate "2010.09.01"]
[SourceQuality "1"]

1. e4 e5 2. Nf3 Nc6 3. Bb5 a6 4. Bxc6 dxc6 5. 0-0 f6 6. d4 Bg4 7. dxe5 Qxd1 8. Rxd1 fxe5 9. Rd3 Bd6 10. Bg5 Ne7 11. Nbd2 b5 12. Nf1 Rf8 13. Ng3 Ng6 14. Nh4 Nxh4 15. Bxh4 h6 16. Nf1 Be2 17. Rd2 Bxf1 18. Kxf1 Rf4 19. Bg3 Rxe4 20. f3 Rc4 21. Bxe5 Bxe5 22. Re1 Rc5 23. b4 Kf8 24. Rd7 Rd5 25. Rxd5 cxd5 26. Rxe5 c6 27. Re6 a5 28. a3 axb4 29. axb4 Rc8 30. Ke2 c5 31. bxc5 Rxc5 32. Kd3 Kf7 1/2-1/2

[Event "Charleroi op"]
[Site "Charleroi"]
[Date "2010.08.01"]
[Round "2"]
[White "Uhoda, Philippe"]
[Black "Atienza, Hilario"]
[Result "1-0"]
[WhiteElo "2143"]
[BlackElo "1851"]
[PlyCount "63"]
[EventDate "2010.07.31"]
[EventType "swiss"]
[EventRounds "9"]
[EventCountry "BEL"]
[SourceTitle "CBM 137 Extra"]
[Source "ChessBase"]
[SourceDate "2010.09.01"]
[SourceVersion "1"]
[SourceVersionDate "2010.09.01"]
[SourceQuality "1"]

1. d4 d5 2. c4 c6 3. Nf3 Nf6 4. Nc3 e6 5. e3 Nbd7 6. Bd3 dxc4 7. Bxc4 b5 8. Bd3 a6 9. e4 c5 10. e5 Nd5 11. Nxd5 exd5 12. dxc5 Nxc5 13. 0-0 Be7 14. Be3 Nxd3 15. Qxd3 Be6 16. Nd4 0-0 17. f4 g6 18. f5 gxf5 19. Bh6 Kh8 20. Bxf8 Bxf8 21. Nxf5 Qc7 22. Nd6 Bxd6 23. exd6 Qxd6 24. Qd4+ Kg8 25. Rac1 Rc8 26. Rxc8+ Bxc8 27. b4 Be6 28. Rc1 Bf5 29. a3 Be6 30. Rc3 Qd7 31. Rg3+ Kf8 32. Qc5+ 1-0

[Event "Roux CREC op"]
[Site "Roux"]
[Date "2009.07.27"]
[Round "3"]
[White "Atienza, Hilario"]
[Black "Bolzoni, Victor Angel"]
[Result "0-1"]
[WhiteElo "1862"]
[BlackElo "2170"]
[PlyCount "104"]
[EventDate "2009.07.25"]
[EventType "swiss"]
[EventRounds "9"]
[EventCountry "BEL"]
[SourceTitle "EXT 2010"]
[Source "ChessBase"]
[SourceDate "2010.11.25"]
[SourceVersion "1"]
[SourceVersionDate "2010.11.25"]
[SourceQuality "1"]

1. e4 c5 2. Nf3 Nc6 3. d4 cxd4 4. Nxd4 Nf6 5. Nc3 d6 6. Bg5 e6 7. Qd2 Be7 8. 0-0-0 0-0 9. f4 h6 10. Bxf6 Bxf6 11. Nxc6 bxc6 12. Qxd6 Qb6 13. Qd2 Rb8 14. b3 e5 15. Na4 Qc7 16. Qd6 Qb7 17. Nc5 Qb6 18. Na4 Qe3+ 19. Qd2 Qxe4 20. Nc5 Qxf4 21. Qxf4 exf4 22. Nd7 Bxd7 23. Rxd7 Rbd8 24. Rc7 Bd4 25. Bd3 Rd6 26. Re7 Re6 27. Rxe6 fxe6 28. Bc4 Rf6 29. Bd3 g5 30. Kd1 Kg7 31. Ke2 h5 32. h3 Rf7 33. Kf3 a5 34. a4 e5 35. Be4 Rc7 36. Rd1 c5 37. Bd3 Kf6 38. Re1 g4+ 39. hxg4 hxg4+ 40. Ke2 Rg7 41. Rh1 f3+ 42. Kf1 Kg5 43. g3 c4 44. bxc4 Rb7 45. c3 Rb3 46. cxd4 Rxd3 47. Rh8 e4 48. Rg8+ Kh5 49. Rh8+ Kg6 50. Rg8+ Kh7 51. Rxg4 e3 52. Ke1 Ra3 0-1

[Event "BEL FEFB-ch Elite"]
[Site "Manage"]
[Date "2008.05.10"]
[Round "5"]
[White "Denivet, Axel"]
[Black "Atienza, Hilario"]
[Result "1/2-1/2"]
[WhiteElo "1950"]
[BlackElo "1890"]
[PlyCount "50"]
[EventDate "2008.05.01"]
[EventType "swiss"]
[EventRounds "7"]
[EventCountry "BEL"]
[SourceTitle "EXT 2019"]
[Source "ChessBase"]
[SourceDate "2018.10.10"]
[SourceVersion "1"]
[SourceVersionDate "2018.10.10"]
[SourceQuality "1"]

1. e4 d5 2. exd5 Qxd5 3. Nc3 Qd6 4. d4 a6 5. Nf3 Bg4 6. Be2 Nf6 7. 0-0 Nc6 8. d5 Bxf3 9. Bxf3 Ne5 10. Bf4 Nxf3+ 11. Qxf3 Qd7 12. Rad1 g6 13. d6 cxd6 14. Bxd6 Qc6 15. Qe2 0-0-0 16. Bg3 Nd7 17. Qe3 e5 18. Rxd7 Qxd7 19. Bxe5 Re8 20. Qf4 Rg8 21. Rd1 Qe6 22. Rd5 f6 23. Qc4+ Qc6 24. Qg4+ Qe6 25. Qc4+ Qc6 1/2-1/2

[Event "BEL FEFB-ch Elite"]
[Site "Manage"]
[Date "2008.05.02"]
[Round "2"]
[White "Atienza, Hilario"]
[Black "Mohandesi, Shahin"]
[Result "0-1"]
[WhiteElo "1890"]
[BlackElo "2323"]
[PlyCount "56"]
[EventDate "2008.05.01"]
[EventType "swiss"]
[EventRounds "7"]
[EventCountry "BEL"]
[SourceTitle "EXT 2019"]
[Source "ChessBase"]
[SourceDate "2018.10.10"]
[SourceVersion "1"]
[SourceVersionDate "2018.10.10"]
[SourceQuality "1"]

1. e4 c5 2. Nf3 Nc6 3. d4 cxd4 4. Nxd4 Nf6 5. Nc3 d6 6. Bg5 e6 7. Nxc6 bxc6 8. e5 Qa5 9. exf6 Qxg5 10. Qf3 d5 11. fxg7 Bxg7 12. Qg3 h6 13. Qd6 Bd7 14. f4 Qe7 15. Qxe7+ Kxe7 16. Kd2 Rab8 17. b3 Rb4 18. g3 c5 19. Re1 Kd6 20. a3 Rbb8 21. Bg2 Bc6 22. Re2 h5 23. Rd1 h4 24. g4 h3 25. Bh1 Rh4 26. Rg1 Bd4 27. Rg3 Bxc3+ 28. Rxc3 d4 0-1

[Event "BEL-ch op"]
[Site "Namur"]
[Date "2007.07.01"]
[Round "2.4"]
[White "Atienza, Hilario"]
[Black "Spanoghe, Ivan"]
[Result "0-1"]
[WhiteElo "1860"]
[BlackElo "2199"]
[PlyCount "170"]
[EventDate "2007.06.30"]
[EventType "swiss"]
[EventRounds "9"]
[EventCountry "BEL"]
[SourceTitle "CBM 119 Extra"]
[Source "ChessBase"]
[SourceDate "2007.09.04"]
[SourceVersion "1"]
[SourceVersionDate "2007.09.04"]
[SourceQuality "1"]

1. e4 c5 2. Nf3 e6 3. d4 cxd4 4. Nxd4 a6 5. Nc3 Qc7 6. Bd3 Nf6 7. 0-0 b5 8. Re1 d6 9. Be3 Bb7 10. f3 Nbd7 11. Qd2 Be7 12. Rad1 0-0 13. a3 Rac8 14. Bxb5 axb5 15. Ndxb5 Qb8 16. Nxd6 Bxd6 17. Qxd6 Qxd6 18. Rxd6 Ne5 19. Rb6 Ba8 20. Bd4 Nc4 21. Rb5 Rfd8 22. Rd1 Nxb2 23. Rxb2 Rxc3 24. Bxc3 Rxd1+ 25. Kf2 Nd7 26. Ke2 Rd6 27. Bb4 Ra6 28. c4 Bc6 29. Ke3 e5 30. Rd2 f6 31. Kd3 Kf7 32. Kc3 Ba4 33. g3 Ke6 34. f4 g6 35. Rd5 h5 36. h4 f5 37. exf5+ gxf5 38. fxe5 Nxe5 39. Kd4 Nd7 40. Ke3 Nf6 41. Rd4 Ne4 42. Kf4 Ra8 43. Rd5 Rg8 44. Re5+ Kd7 45. Rxf5 Rg4+ 46. Ke5 Nxg3 47. Rg5 Bd1 48. Rxg4 Bxg4 49. a4 Kc6 50. Be7 Nf5 51. Bg5 Nd6 52. Kd4 Be2 53. c5 Nb7 54. Be7 Bd1 55. Bf8 Bxa4 56. Be7 Bb5 57. Bf8 Na5 58. Kc3 Be2 59. Kb4 Nb7 60. Be7 Kd5 61. Bf8 Nd8 62. Kc3 Ne6 63. Be7 Nxc5 64. Kd2 Bg4 65. Ke3 Ne6 66. Bf6 Nc5 67. Kf4 Ke6 68. Bc3 Kf7 69. Ba1 Kg6 70. Bc3 Be2 71. Bd2 Nd3+ 72. Kg3 Kf5 73. Bg5 Ke4 74. Bd8 Bg4 75. Be7 Nf4 76. Bd8 Ne2+ 77. Kf2 Nd4 78. Bf6 Nf5 79. Bd8 Bf3 80. Bg5 Bd1 81. Kg2 Ke5 82. Kf2 Nd6 83. Be7 Ne4+ 84. Ke3 Kf5 85. Bd8 Ng3 0-1

[Event "IECC CL3-2000.01"]
[Site "IECC email"]
[Date "1999.10.26"]
[Round "?"]
[White "Newton, Hobart E"]
[Black "Atienza, Hilario"]
[Result "1/2-1/2"]
[WhiteElo "1912"]
[BlackElo "1825"]
[PlyCount "59"]
[EventDate "2000.??.??"]
[EventType "tourn (corr)"]
[EventRounds "4"]
[SourceTitle "Corr 2008"]
[Source "ChessBase"]
[SourceDate "2008.06.24"]
[SourceVersion "1"]
[SourceVersionDate "2008.06.24"]
[SourceQuality "1"]

1. e4 e6 2. d4 d5 3. Nd2 Nf6 4. e5 Nfd7 5. Bd3 c5 6. c3 Nc6 7. Ne2 Qb6 8. Nf3 cxd4 9. cxd4 f6 10. exf6 Nxf6 11. 0-0 Bd6 12. Nc3 0-0 13. Be3 Bd7 14. a3 Be8 15. Ng5 Ne7 16. Nxe6 Bxh2+ 17. Kxh2 Qxe6 18. Re1 Ng4+ 19. Kg1 Bh5 20. Bf4 Qf6 21. Bg3 Kh8 22. Bb1 Rae8 23. f3 Nh6 24. Be5 Qg5 25. Qc1 Qxc1 26. Rxc1 Nc6 27. Nxd5 Nxe5 28. dxe5 Rxe5 29. Be4 Nf5 30. g4 1/2-1/2

[Event "IECC Y2KO email"]
[Site "IECC email"]
[Date "1999.10.14"]
[Round "?"]
[White "Atienza, Hilario"]
[Black "Copin, Jean Christophe"]
[Result "1-0"]
[WhiteElo "1825"]
[BlackElo "1030"]
[PlyCount "69"]
[EventDate "1999.??.??"]
[EventType "tourn (corr)"]
[EventRounds "2"]
[SourceTitle "Corr 2008"]
[Source "ChessBase"]
[SourceDate "2008.06.24"]
[SourceVersion "1"]
[SourceVersionDate "2008.06.24"]
[SourceQuality "1"]

1. e4 e5 2. Nf3 Nc6 3. Bb5 a6 4. Bxc6 dxc6 5. 0-0 Ne7 6. d4 exd4 7. Nxd4 c5 8. Nb3 Qxd1 9. Rxd1 Ng6 10. Nc3 Bd7 11. Be3 b6 12. Rd2 Bd6 13. Nd5 0-0 14. Nxb6 cxb6 15. Rxd6 Bg4 16. f3 Be6 17. Rxb6 Ne5 18. Nxc5 Nc4 19. Rb3 Rfc8 20. Bd4 Rd8 21. Rd3 a5 22. Rad1 Re8 23. b3 Na3 24. c4 h6 25. Bb2 a4 26. Nxe6 Rxe6 27. Bxa3 f5 28. exf5 Re2 29. Rd8+ Rxd8 30. Rxd8+ Kh7 31. c5 Rxa2 32. c6 Rc2 33. bxa4 Rxc6 34. Rd7 Rf6 35. Bb2 1-0

[Event "IECC Y2KO email"]
[Site "IECC email"]
[Date "1999.10.14"]
[Round "?"]
[White "Copin, Jean Christophe"]
[Black "Atienza, Hilario"]
[Result "0-1"]
[WhiteElo "1009"]
[BlackElo "1799"]
[PlyCount "46"]
[EventDate "1999.??.??"]
[EventType "tourn (corr)"]
[EventRounds "2"]
[SourceTitle "Corr 2008"]
[Source "ChessBase"]
[SourceDate "2008.06.24"]
[SourceVersion "1"]
[SourceVersionDate "2008.06.24"]
[SourceQuality "1"]

1. e4 e6 2. d4 d5 3. Nc3 Bb4 4. e5 c5 5. a3 Bxc3+ 6. bxc3 Ne7 7. Nf3 Qa5 8. Bd2 Nbc6 9. c4 Qc7 10. Bc3 cxd4 11. Bxd4 Nf5 12. cxd5 Ncxd4 13. Bd3 Nxf3+ 14. gxf3 Qxe5+ 15. Be2 Nd4 16. c3 Nxe2 17. Qxe2 Qxc3+ 18. Kf1 Qxa1+ 19. Kg2 Qxa3 20. Qb5+ Kf8 21. Re1 Qd6 22. dxe6 Bxe6 23. Qxb7 Bd5 0-1

[Event "IECC KO email"]
[Site "IECC email"]
[Date "1999.01.18"]
[Round "?"]
[White "Atienza, Hilario"]
[Black "Mueller, Robert"]
[Result "1/2-1/2"]
[WhiteElo "1786"]
[BlackElo "2210"]
[PlyCount "120"]
[EventDate "1999.??.??"]
[EventType "tourn (corr)"]
[EventRounds "6"]
[SourceTitle "Corr 2008"]
[Source "ChessBase"]
[SourceDate "2008.06.24"]
[SourceVersion "1"]
[SourceVersionDate "2008.06.24"]
[SourceQuality "1"]

1. e4 c5 2. Nf3 d6 3. d4 cxd4 4. Nxd4 Nf6 5. Nc3 g6 6. Be3 Bg7 7. f3 0-0 8. Qd2 Nc6 9. 0-0-0 d5 10. exd5 Nxd5 11. Nxc6 bxc6 12. Bd4 e5 13. Bc5 Re8 14. Ne4 f5 15. Nd6 Bf8 16. Bb5 Bd7 17. Rhe1 Re6 18. Nb7 Qc7 19. Ba6 Bc8 20. Bxf8 Bxb7 21. Bxb7 Qxb7 22. Ba3 Rae8 23. c4 Nf6 24. Bc5 e4 25. h4 Qa6 26. b3 f4 27. Kb1 e3 28. Qd4 Qa5 29. b4 Qa4 30. Qxf4 e2 31. Rd3 a5 32. Qd2 axb4 33. Qxb4 Qxb4+ 34. Bxb4 Rb8 35. Rb3 Nh5 36. Bd2 Rbe8 37. g4 Rd8 38. Ba5 Rd1+ 39. Kc2 Rxe1 40. Bxe1 Nf4 41. Kd2 h5 42. gxh5 gxh5 43. a4 Rd6+ 44. Ke3 Ng2+ 45. Kf2 Rd1 46. Kxg2 Rxe1 47. Kf2 Rh1 48. Re3 Rxh4 49. Re4 e1Q+ 50. Kxe1 Rh1+ 51. Kd2 Ra1 52. c5 Kf7 53. Ke3 Rc1 54. Re5 h4 55. Re4 h3 56. Rh4 Ra1 57. Rxh3 Ke6 58. Rh4 Kd5 59. Rh5+ Ke6 60. f4 Rxa4 1/2-1/2

[Event "IECG WC.2002.P.00012 email"]
[Site "IECG email"]
[Date "1999.??.??"]
[Round "?"]
[White "Atienza, Hilario"]
[Black "Cherner, Lyle"]
[Result "1-0"]
[WhiteElo "1800"]
[BlackElo "1112"]
[PlyCount "53"]
[EventDate "1999.02.21"]
[EventType "tourn (corr)"]
[EventRounds "8"]
[SourceTitle "Corr 2008"]
[Source "ChessBase"]
[SourceDate "2008.06.24"]
[SourceVersion "1"]
[SourceVersionDate "2008.06.24"]
[SourceQuality "1"]

1. e4 e5 2. Nf3 Nf6 3. Nxe5 d6 4. Nf3 Nxe4 5. d4 d5 6. Bd3 Be7 7. 0-0 Nc6 8. Re1 Bg4 9. c4 Nxd4 10. cxd5 Bxf3 11. gxf3 Nc5 12. Nc3 Nxd3 13. Qxd3 c5 14. Bg5 f6 15. Bf4 0-0 16. Ne2 Rf7 17. Nxd4 cxd4 18. Qxd4 Rc8 19. d6 Bf8 20. Rad1 Rd7 21. Qxa7 Bxd6 22. Rxd6 Rxd6 23. Bxd6 Qxd6 24. Qxb7 Rb8 25. Qa7 Qf8 26. Qd7 Kh8 27. b4 1-0

[Event "SEMI Dutch theme fin"]
[Site "SEMI email"]
[Date "1999.??.??"]
[Round "?"]
[White "Atienza, Hilario"]
[Black "Dietrich, Stefano"]
[Result "0-1"]
[WhiteElo "1705"]
[BlackElo "1644"]
[PlyCount "28"]
[EventDate "1999.??.??"]
[EventType "tourn (corr)"]
[EventRounds "10"]
[EventCountry "ITA"]
[SourceTitle "Corr 2008"]
[Source "ChessBase"]
[SourceDate "2008.06.24"]
[SourceVersion "1"]
[SourceVersionDate "2008.06.24"]
[SourceQuality "1"]

1. d4 f5 2. Bg5 Nf6 3. c4 Ne4 4. Bh4 c5 5. e3 Qa5+ 6. Nd2 g5 7. Bg3 cxd4 8. Bd3 Nxg3 9. hxg3 dxe3 10. Qh5+ Kd8 11. fxe3 h6 12. Ngf3 Bg7 13. Nd4 Nc6 14. Qf7 Bf6 0-1

[Event "SEMI ECT 3-B corr"]
[Site "SEMI email"]
[Date "1999.??.??"]
[Round "?"]
[White "Gomes, Diogo"]
[Black "Atienza, Hilario"]
[Result "1-0"]
[WhiteElo "1896"]
[BlackElo "1707"]
[PlyCount "57"]
[EventDate "1999.??.??"]
[EventType "tourn (corr)"]
[EventRounds "8"]
[EventCountry "ITA"]
[SourceTitle "Corr 2008"]
[Source "ChessBase"]
[SourceDate "2008.06.24"]
[SourceVersion "1"]
[SourceVersionDate "2008.06.24"]
[SourceQuality "1"]

1. e4 c5 2. Nf3 e6 3. d4 cxd4 4. Nxd4 Nf6 5. Nc3 d6 6. Bb5+ Nbd7 7. 0-0 a6 8. Bxd7+ Bxd7 9. Be3 Be7 10. f4 0-0 11. e5 Ne8 12. Qh5 f5 13. Rf3 g6 14. Qh6 Rf7 15. Rd1 Rc8 16. Bf2 Bf8 17. Qh3 Qc7 18. Rfd3 dxe5 19. fxe5 Qxe5 20. Re3 Qb8 21. Nxe6 Bd6 22. Ng5 Rg7 23. Red3 Bc6 24. Qh4 Re7 25. Qc4+ Kf8 26. Rxd6 Nxd6 27. Qd4 Nf7 28. Nxh7+ Kg8 29. Qf6 1-0

[Event "SEMI ECT 3-B corr"]
[Site "SEMI email"]
[Date "1999.??.??"]
[Round "?"]
[White "Lewis, Matthew"]
[Black "Atienza, Hilario"]
[Result "1-0"]
[WhiteElo "1840"]
[BlackElo "1707"]
[PlyCount "55"]
[EventDate "1999.??.??"]
[EventType "tourn (corr)"]
[EventRounds "8"]
[EventCountry "ITA"]
[SourceTitle "Corr 2008"]
[Source "ChessBase"]
[SourceDate "2008.06.24"]
[SourceVersion "1"]
[SourceVersionDate "2008.06.24"]
[SourceQuality "1"]

1. c4 e5 2. Nc3 Nc6 3. Nf3 Nf6 4. g3 Bb4 5. Bg2 0-0 6. 0-0 Re8 7. Nd5 Nxd5 8. cxd5 Nd4 9. Ne1 d6 10. e3 Nf5 11. d4 exd4 12. e4 Ne7 13. Nc2 Bc5 14. Nxd4 Bd7 15. b4 Bxb4 16. Rb1 Bc5 17. Be3 Bb6 18. Qd3 Rc8 19. Rfd1 Ng6 20. f4 c5 21. dxc6 bxc6 22. Nc2 Bg4 23. Bxb6 axb6 24. Rd2 b5 25. Ne3 Be6 26. Qc3 Qb6 27. Kh1 d5 28. f5 1-0

[Event "IECC CL4-1998.26"]
[Site "IECC email"]
[Date "1998.09.02"]
[Round "?"]
[White "Coulter, Douglas"]
[Black "Atienza, Hilario"]
[Result "1-0"]
[WhiteElo "1745"]
[BlackElo "1743"]
[PlyCount "37"]
[EventDate "1998.??.??"]
[EventType "tourn (corr)"]
[EventRounds "4"]
[SourceTitle "Corr 2008"]
[Source "ChessBase"]
[SourceDate "2008.06.24"]
[SourceVersion "1"]
[SourceVersionDate "2008.06.24"]
[SourceQuality "1"]

1. d4 d5 2. Nf3 Nf6 3. e3 c6 4. Bd3 Bg4 5. b3 e6 6. Bb2 Bd6 7. Nbd2 0-0 8. 0-0 Nbd7 9. c4 Rc8 10. Qc2 Bh5 11. Ne5 Qc7 12. f4 Rfe8 13. Ndf3 h6 14. h3 Bxf3 15. Rxf3 c5 16. Raf1 Nb6 17. f5 dxc4 18. fxe6 fxe6 19. bxc4 1-0

[Event "IECC CL4-1998.20"]
[Site "IECC email"]
[Date "1998.06.26"]
[Round "?"]
[White "Atienza, Hilario"]
[Black "Ventimiglia, Charles"]
[Result "0-1"]
[WhiteElo "1751"]
[BlackElo "1746"]
[PlyCount "68"]
[EventDate "1998.??.??"]
[EventType "tourn (corr)"]
[EventRounds "4"]
[SourceTitle "Corr 2008"]
[Source "ChessBase"]
[SourceDate "2008.06.24"]
[SourceVersion "1"]
[SourceVersionDate "2008.06.24"]
[SourceQuality "1"]

1. e4 d6 2. d4 e5 3. dxe5 Nc6 4. exd6 Bxd6 5. Nf3 Nf6 6. Bg5 h6 7. Bxf6 Qxf6 8. Nc3 0-0 9. Bd3 Bg4 10. h3 Bh5 11. g4 Bg6 12. a3 Rad8 13. h4 Ne5 14. Nxe5 Bxe5 15. Nd5 Qe6 16. Qe2 c6 17. Nc3 Qf6 18. Nd1 Bxb2 19. Rb1 Bc3+ 20. Kf1 b5 21. g5 hxg5 22. hxg5 Qe5 23. Qg4 Ba5 24. f4 f5 25. Qh4 Qe6 26. e5 Qd5 27. Rh3 Qa2 28. Rb2 Qa1 29. Ke2 Rfe8 30. c4 a6 31. cxb5 axb5 32. Rc2 Re6 33. Qh8+ Kf7 34. Qh4 Rd4 0-1

[Event "IECC CL4-1998.20"]
[Site "IECC email"]
[Date "1998.06.26"]
[Round "?"]
[White "Gosme, Emile"]
[Black "Atienza, Hilario"]
[Result "0-1"]
[WhiteElo "1807"]
[BlackElo "1713"]
[PlyCount "44"]
[EventDate "1998.??.??"]
[EventType "tourn (corr)"]
[EventRounds "4"]
[SourceTitle "Corr 2008"]
[Source "ChessBase"]
[SourceDate "2008.06.24"]
[SourceVersion "1"]
[SourceVersionDate "2008.06.24"]
[SourceQuality "1"]

1. b4 e5 2. Bb2 Bxb4 3. Bxe5 Nf6 4. Nf3 Nc6 5. Bb2 0-0 6. e3 d5 7. c4 Bg4 8. Be2 dxc4 9. Bxc4 Ne4 10. 0-0 Na5 11. Qa4 Bxf3 12. gxf3 Nxd2 13. Be2 Qg5+ 14. Kh1 Nxf1 15. Qxb4 Nxe3 16. fxe3 Qxe3 17. Qg4 f6 18. Nc3 Rad8 19. Re1 Rf7 20. Ne4 Qb6 21. Bc3 Rd5 22. Qg5 fxg5 0-1

[Event "IECC CL4-1998.17"]
[Site "IECC email"]
[Date "1998.05.10"]
[Round "?"]
[White "Popp, Tony"]
[Black "Atienza, Hilario"]
[Result "0-1"]
[WhiteElo "1706"]
[BlackElo "1735"]
[PlyCount "70"]
[EventDate "1998.??.??"]
[EventType "tourn (corr)"]
[EventRounds "4"]
[SourceTitle "Corr 2008"]
[Source "ChessBase"]
[SourceDate "2008.06.24"]
[SourceVersion "1"]
[SourceVersionDate "2008.06.24"]
[SourceQuality "1"]

1. d4 d5 2. Nc3 Nf6 3. Bg5 e6 4. f3 Be7 5. e4 Nxe4 6. Bxe7 Nxc3 7. Bxd8 Nxd1 8. Bxc7 Nxb2 9. Bd6 Na4 10. c4 Nc6 11. cxd5 Nxd4 12. Rd1 Nf5 13. dxe6 Bxe6 14. Bb5+ Bd7 15. Bxd7+ Kxd7 16. Be5+ Ke6 17. Bf4 Rhd8 18. Ne2 Nb2 19. Rxd8 Rxd8 20. 0-0 f6 21. Rb1 Rd1+ 22. Rxd1 Nxd1 23. Bc1 Nfe3 24. Bxe3 Nxe3 25. Kf2 Nc2 26. h4 Nb4 27. Nc3 Nd5 28. Ne2 Ke5 29. g4 b5 30. Ke1 a5 31. Kd2 b4 32. Nc1 Kf4 33. Ke2 Kg3 34. Kd3 Kxf3 35. Kc4 Nc3 0-1